000 00940cam a22002414a 4500
999 _c58179
_d58179
001 16988301
005 20221114122554.0
008 111004s2012 maua b 001 0 eng
020 _a9780123838728x
041 _aeng
080 _a004.2 H-54
100 1 _aHennessy, John L.
_912340
245 1 0 _aComputer architecture :
_ba quantitative approach /
_cJohn L. Hennessy, David A. Patterson ; with contributions by Krste Asanović ́... [et al.].
250 _a5th ed.
264 _aWaltham, MA :
_bMorgan Kaufmann/Elsevier,
_c2012.
300 _a493, [325] p. :
_bill. ;
_c24 cm.
653 _aComputer Architecture A Quantitative Approach
653 _aსაინფორმაციო ტექნოლოგიები
653 _aИнформационные технологии
700 1 _aPatterson, David A.
_912342
_eავტორი
700 1 _aAsanović, Krste.
_912343
_eავტორი
942 _2udc
_cBK